Modelos de universo - Estadísticas

Estadísticas generales
  • Esta prueba ha sido intentada 7 veces
  • La puntuación promedio es 8 de 15
Estadísticas de respuestas
Hint Respuesta % Correcto
Inventor del telescopio y observador de cuatro lunas de Júpiter Galileo Galilei
100%
Creador de la relatividad general, la gravedad no es una fuerza Albert Einstein
80%
Su ley de la gravitación universal explicó el movimiento de los astros Isaac Newton
80%
Órbitas elípticas alrededor del Sol Johannes Kepler
60%
La Tierra y el Sol giran en torno al Trono de Zeus Pitágoras de Samos
60%
El Demiurgo ordena el mundo sensible a semejanza de las Ideas Platón de Atenas
60%
Disco de tierra flotando en el vacío Anaximandro de Mileto
40%
Mundo sublunar y supralunar Aristóteles de Estagira
40%
Modelo geocéntrico complejo de órbitas circulares con epiciclos Claudio Ptolomeo
40%
Expansión del universo y Big Bang Edwin Hubble
40%
Modelo heliocéntrico con el Sol algo desplazado del centro Nicolás Copérnico
40%
Disco de tierra flotando sobre agua Tales de Mileto
40%
Gran observador y creador de unas tablas que ayudaron a Kepler Tycho Brahe
40%
Primer modelo heliocéntrico de la historia Aristarco de Samos
20%
Cálculo de la circunferencia de la Tierra Eratóstenes de Cirene
20%
No se encontraron pruebas coincidentes
Distribución de puntuación
Porcentaje de gente con cada puntuación
Porcentaje por número respondido
Historial de tus puntuaciones
No has intentado esta prueba.